| 000 | 00907cam a2200277 4500 | ||
|---|---|---|---|
| 008 | 021017n2002 000 0 eng u | ||
| 020 | _a0860175820 | ||
| 035 | _a(Sirsi) u120155 | ||
| 050 | _a625.8 | ||
| 100 | _aPratt, C. | ||
| 245 | _aSource control using constructed pervious surfaces : hydralic, structural and water quality performance issues | ||
| 260 |
_aLondon _bCIRIA _c2002 |
||
| 300 |
_a152p. _bill. _c30cm. |
||
| 350 | _a90 | ||
| 490 |
_aCIRIA Publication _vC582 |
||
| 520 | _aDiscusses the design and construction of pavements and surfaces to be used as a method of stormwater source control. A design framework is also provided. | ||
| 650 | _aDRAINAGE | ||
| 650 | _aHARD LANDSCAPING | ||
| 650 | _aPAVEMENTS | ||
| 650 | _aRAINWATER | ||
| 650 | _aSTORMWATER | ||
| 690 | _aBUILDING AND CONSTRUCTION-ENGINEERING | ||
| 700 | _aWilson, S. | ||
| 700 | _aCooper, P. | ||
| 942 | _n0 | ||
| 999 |
_c102488 _d102488 |
||